书目信息 |
| 题名: |
浅谈造血干细胞移植
|
|
| 作者: | 金哈斯 编著 | |
| 分册: | ||
| 出版信息: | 北京 科学技术文献出版社 2006.08 |
|
| 页数: | 129页 | |
| 开本: | 20cm | |
| 丛书名: | ||
| 单 册: | ||
| 中图分类: | R550.5 | |
| 科图分类: | ||
| 主题词: | 造血干细胞--zao xue gan xi bao--移植术 (医学) | |
| 电子资源: | ||
| ISBN: | 7-5023-5339-9 | |
| 000 | 00811nam0 2200241 450 | |
| 001 | 012008654171 | |
| 005 | 20080509144144.56 | |
| 010 | @a7-5023-5339-9@dCNY8.00 | |
| 100 | @a20080508d2006 em y0chiy0120 ea | |
| 101 | 0 | @achi |
| 102 | @aCN@b110000 | |
| 105 | @ay a 000yy | |
| 106 | @ar | |
| 200 | 1 | @a浅谈造血干细胞移植@Aqian tan zao xue gan xi bao yi zhi@f金哈斯编著@Fjin ha si bian zhu |
| 210 | @a北京@c科学技术文献出版社@d2006.08 | |
| 215 | @a129页@d20cm | |
| 320 | @a有书目 | |
| 330 | @a本书以深入浅出的方式介绍造血干细胞移植,外周血造血干细胞移植和脐带血移植的概念,发展历史,分类,骨髓库,脐带血库等。 | |
| 606 | 0 | @a造血干细胞@Azao xue gan xi bao@x移植术 (医学) |
| 690 | @aR550.5@v4 | |
| 701 | 0 | @a金哈斯@Ajin ha si@4编著 |
| 801 | 0 | @aCN@bQSSK@c20080509 |
| 905 | @b707245-46@dR550.5@eJ776@f2 | |
| 浅谈造血干细胞移植/金哈斯编著.-北京:科学技术文献出版社,2006.08 |
| 129页;20cm |
| ISBN 7-5023-5339-9:CNY8.00 |
| 本书以深入浅出的方式介绍造血干细胞移植,外周血造血干细胞移植和脐带血移植的概念,发展历史,分类,骨髓库,脐带血库等。 |
| ● |
| 相关链接 |
|
|
|
正题名:浅谈造血干细胞移植
索取号:R550.5/J776
 
预约/预借
| 序号 | 登录号 | 条形码 | 馆藏地/架位号 | 状态 | 备注 |
| 1 | 707245 | 207072451 | 自科库401/401自科库 18排3列4层/ [索取号:R550.5/J776] | 在馆 | |
| 2 | 707246 | 207072460 | 自科库401/401自科库 18排3列4层/ [索取号:R550.5/J776] | 在馆 |